Statistiques concernant Groupes Ligue des Champions 2014-2015

Cliquez ici pour prendre le quiz!

Statistiques générales

  • Ce quiz a été pris 96 fois
  • Le résultat moyen est 22 sur 32

Statistiques - réponses

GroupePlace dans le groupeNoms des équipes% Correct
Groupe F1erFC Barcelone
100%
Groupe B1erReal Madrid
100%
Groupe A2èmeJuventus
99%
Groupe F2èmePSG
99%
Groupe E2èmeManchester City
98%
Groupe E1erBayern Munich
96%
Groupe D2èmeArsenal
92%
Groupe D1erBorussia Dortmund
92%
Groupe G1erChelsea
92%
Groupe C1erAS Monaco
91%
Groupe A1erAtlético Madrid
91%
Groupe B3èmeLiverpool
91%
Groupe E3èmeAS Roma
82%
Groupe F3èmeAjax Amsterdam
75%
Groupe H1erFC Porto
75%
Groupe C4èmeBenfica Lisbonne
73%
Groupe C2èmeBayer Leverkusen
67%
Groupe B2èmeFC Bâle
65%
Groupe G2èmeSchalke 04
61%
Groupe C3èmeZénith Saint-Pétersbourg
60%
Groupe D3èmeRSC Anderlecht
58%
Groupe D4èmeGalatasaray
53%
Groupe A3èmeOlympiakos
49%
Groupe E4èmeCSKA Moscou
48%
Groupe A4èmeMalmö FF
48%
Groupe G3èmeSporting Portugal
46%
Groupe F4èmeAPOEL Nicosie
45%
Groupe H2èmeChakhtar Donestk
44%
Groupe H3èmeAthletic Bilbao
34%
Groupe B4èmeLudogorets Razgrad
34%
Groupe H4èmeBATE Borisov
33%
Groupe G4èmeNK Maribor
15%

Distribution des résultats

Percentile par nombre de réponses

% des personnes avec chaque résultat

Votre développement - résultats

Vous n’avez pas pris ce quiz